[Event "Mittelfranken Landesliga Sued 2122"]
[Site "Mittelfranken"]
[Date "2022.03.20"]
[Round "4.5"]
[White "Sargin, Anatol"]
[Black "Klenk, Robert"]
[Result "1/2-1/2"]
[WhiteElo "2047"]
[BlackElo "2046"]
[PlyCount "100"]
[EventDate "2021.10.24"]
[EventType "team-tourn"]
[EventRounds "9"]
[EventCountry "GER"]
[SourceTitle "EXT 2024"]
[Source "ChessBase"]
[SourceDate "2023.10.10"]
[SourceVersion "1"]
[SourceVersionDate "2023.10.10"]
[SourceQuality "1"]
[WhiteTeam "Unterhaching"]
[BlackTeam "Muenchen Tarrasch"]
[WhiteTeamCountry "GER"]
[BlackTeamCountry "GER"]

1. f4 d5 2. Nf3 g6 3. e3 Bg7 4. c4 Nf6 5. cxd5 Nxd5 6. Nc3 0-0 7. Bc4 Nxc3 8. bxc3 c5 9. 0-0 Qc7 10. Qe1 Nd7 11. Qh4 Nb6 12. Be2 Nd5 13. Bb2 b6 14. Rae1 e6 15. Ne5 Qe7 16. Qxe7 Nxe7 17. Bf3 Ba6 18. Rf2 Rac8 19. Bd1 Bxe5 20. fxe5 Nc6 21. d4 cxd4 22. exd4 Na5 23. Bb3 Bc4 24. Ba3 Rfe8 25. Ba4 b5 26. Bd1 Bd5 27. Be2 a6 28. Ref1 Rc7 29. Bd6 Rd7 30. a4 Bc4 31. axb5 axb5 32. Ra1 Bxe2 33. Rxa5 Bc4 34. h4 h5 35. Kh2 Rc8 36. Bc5 Rb7 37. Kg3 Kg7 38. Kf4 Rbb8 39. Ra7 Ra8 40. Rb7 Rab8 41. Re7 Re8 42. Kg5 Rxe7 43. Bxe7 Ra8 44. g4 hxg4 45. h5 gxh5 46. Kxh5 Ra2 47. Bf6+ Kh7 48. Rxa2 Bxa2 49. Kxg4 Kg6 50. Be7 Bc4 1/2-1/2

[Event "Landesliga Sued 1718"]
[Site "Bayern"]
[Date "2018.02.25"]
[Round "7.5"]
[White "Schmid, Franz"]
[Black "Sargin, Anatol"]
[Result "0-1"]
[WhiteElo "2140"]
[BlackElo "2106"]
[PlyCount "140"]
[EventDate "2017.10.22"]
[EventType "team-tourn"]
[EventRounds "9"]
[EventCountry "GER"]
[SourceTitle "EXT 2022"]
[Source "ChessBase"]
[SourceDate "2021.10.06"]
[SourceVersion "1"]
[SourceVersionDate "2021.10.06"]
[SourceQuality "1"]
[WhiteTeam "Roehrnbach"]
[BlackTeam "Unterhaching"]
[WhiteTeamCountry "GER"]
[BlackTeamCountry "GER"]

1. e4 e6 2. d4 d5 3. exd5 exd5 4. Nf3 Bf5 5. c4 Nf6 6. Qb3 Nc6 7. c5 Qe7+ 8. Be3 0-0-0 9. Bb5 Nb8 10. 0-0 c6 11. Be2 Ng4 12. Bd3 Nxe3 13. Re1 Bxd3 14. Qxd3 Qe4 15. Qxe3 Qxe3 16. Rxe3 f6 17. Nbd2 Na6 18. Nf1 b6 19. cxb6 axb6 20. Ng3 g6 21. Re6 Rd6 22. Re8+ Rd8 23. Re2 Kd7 24. a3 Bd6 25. Rc1 Rhe8 26. Kf1 Nc7 27. Rec2 Bf4 28. Rd1 Ne6 29. Ne2 Bh6 30. Nc3 Re7 31. h4 Ng7 32. g4 Bf4 33. Na4 Kc7 34. Rd3 h5 35. gxh5 Nxh5 36. Rb3 Rb8 37. Nc3 Kd7 38. Rb4 Ng7 39. Ra4 Rb7 40. Ra8 Re8 41. Ra6 Nf5 42. a4 Bd6 43. a5 bxa5 44. Na4 Rc7 45. Rxa5 Re4 46. Nb6+ Ke6 47. Na8 Rb7 48. Ra6 Rf4 49. Rc3 Rxb2 50. Raxc6 Rb1+ 51. Ke2 Rxf3 52. Nc7+ Kd7 53. Rxd6+ Kxd6 54. Kxf3 Nxd4+ 55. Kg2 Rg1+ 56. Kh2 Re1 57. Na6 Re4 58. Rh3 Nc6 59. Rf3 f5 60. h5 Rh4+ 61. Kg3 Rxh5 62. Rc3 d4 63. Rc1 f4+ 64. Kxf4 Ra5 65. Rg1 Rxa6 66. Rxg6+ Kd5 67. Rg5+ Kc4 68. Rg1 Nb4 69. Rc1+ Kd3 70. Rd1+ Kc3 0-1

[Event "Landesliga Sued 1718"]
[Site "Bayern"]
[Date "2018.01.21"]
[Round "5.5"]
[White "Giss, Arthur"]
[Black "Sargin, Anatol"]
[Result "1-0"]
[WhiteElo "2056"]
[BlackElo "2106"]
[PlyCount "73"]
[EventDate "2017.10.22"]
[EventType "team-tourn"]
[EventRounds "9"]
[EventCountry "GER"]
[SourceTitle "EXT 2022"]
[Source "ChessBase"]
[SourceDate "2021.10.06"]
[SourceVersion "1"]
[SourceVersionDate "2021.10.06"]
[SourceQuality "1"]
[WhiteTeam "Dillingen"]
[BlackTeam "Unterhaching"]
[WhiteTeamCountry "GER"]
[BlackTeamCountry "GER"]

1. e4 e6 2. d4 d5 3. Nd2 Nf6 4. e5 Nfd7 5. Bd3 c5 6. c3 Nc6 7. Ne2 cxd4 8. cxd4 f6 9. exf6 Nxf6 10. Nf3 Bd6 11. 0-0 0-0 12. h3 Bd7 13. Nc3 Rc8 14. Be3 Qe8 15. Re1 h6 16. Rc1 g5 17. Bb1 Qf7 18. Qd2 Nh5 19. Nh2 Nf4 20. Ne2 Qg7 21. a3 Rf7 22. f3 Rcf8 23. Kh1 Ne7 24. Ng4 Neg6 25. Bf2 h5 26. Nxf4 Nxf4 27. Ne5 Rf6 28. Bg3 Bxe5 29. Rxe5 Kh8 30. Rc7 Nxh3 31. gxh3 Rxf3 32. Rxg5 Rxg3 33. Rxg7 Rxg7 34. Kh2 e5 35. dxe5 d4 36. e6 Bc6 37. Qh6+ 1-0

[Event "Regionalliga SW 1617"]
[Site "Bayern"]
[Date "2017.01.15"]
[Round "4.6"]
[White "Sargin, Anatol"]
[Black "Mueller, Lukas1111"]
[Result "0-1"]
[WhiteElo "2092"]
[BlackElo "1908"]
[PlyCount "96"]
[EventDate "2016.10.16"]
[EventType "team-tourn"]
[EventRounds "9"]
[EventCountry "GER"]
[SourceTitle "EXT 2019"]
[Source "ChessBase"]
[SourceDate "2018.10.10"]
[SourceVersion "1"]
[SourceVersionDate "2018.10.10"]
[SourceQuality "1"]
[WhiteTeam "Unterhaching"]
[BlackTeam "MSA Zugzwang II"]
[WhiteTeamCountry "GER"]
[BlackTeamCountry "GER"]

1. e4 d6 2. d4 Nf6 3. Nc3 e5 4. Nf3 exd4 5. Nxd4 Be7 6. Bc4 0-0 7. Bb3 c5 8. Nde2 Nc6 9. Bf4 a6 10. Ng3 Be6 11. 0-0 c4 12. Ba4 b5 13. Nxb5 axb5 14. Bxb5 Qb6 15. a4 d5 16. e5 Nd7 17. Be3 Qb7 18. f4 f5 19. Ne2 Nc5 20. Bxc6 Qxc6 21. Nd4 Qd7 22. a5 Ne4 23. a6 Bc5 24. Kh1 Rfb8 25. g4 Bxd4 26. Bxd4 fxg4 27. a7 Rb7 28. Qe1 Qf7 29. Kg1 Qg6 30. Ra3 h5 31. b3 cxb3 32. Rxb3 Rxb3 33. cxb3 g3 34. Qe3 Bh3 35. Qf3 Bxf1 36. Qxf1 gxh2+ 37. Kxh2 Qg3+ 38. Kh1 Qxb3 39. Qa6 Qd1+ 40. Bg1 Qf3+ 41. Kh2 Qxf4+ 42. Kh1 Qf3+ 43. Kh2 Qg3+ 44. Kh1 Qh3+ 45. Bh2 Ng3+ 46. Kg1 Qf1+ 47. Qxf1 Nxf1 48. Kxf1 Rxa7 0-1

[Event "Landesliga Sued 1415"]
[Site "Bayern"]
[Date "2015.03.15"]
[Round "8.6"]
[White "Wagner, Hans2222"]
[Black "Sargin, Anatol"]
[Result "1-0"]
[WhiteElo "2103"]
[BlackElo "2092"]
[PlyCount "143"]
[EventDate "2014.10.19"]
[EventType "team-tourn"]
[EventRounds "9"]
[EventCountry "GER"]
[SourceTitle "EXT 2018"]
[Source "ChessBase"]
[SourceDate "2017.10.13"]
[SourceVersion "1"]
[SourceVersionDate "2017.10.13"]
[SourceQuality "1"]
[WhiteTeam "Rottal"]
[BlackTeam "Unterhaching"]
[WhiteTeamCountry "GER"]
[BlackTeamCountry "GER"]

1. d4 f5 2. Nf3 Nf6 3. g3 g6 4. Bg2 Bg7 5. 0-0 d6 6. b3 0-0 7. Bb2 c6 8. c4 Qe8 9. d5 cxd5 10. cxd5 Nbd7 11. Nc3 Ne4 12. Nd4 Nxc3 13. Bxc3 Nf6 14. Qd3 Bd7 15. Rac1 Rc8 16. Bb2 Qf7 17. Ne6 Rfe8 18. Nxg7 Kxg7 19. Rfe1 Kf8 20. e3 Red8 21. Qd4 b6 22. Qd3 a5 23. Bd4 Rb8 24. Rc7 Ke8 25. Bb2 Rdc8 26. Rec1 Rxc7 27. Rxc7 Kd8 28. Rc2 Ne4 29. Rc1 Nf6 30. h3 Qe8 31. Bd4 Qf7 32. Qa6 Nxd5 33. Qa7 Rc8 34. Rxc8+ Bxc8 35. Bxb6+ Ke8 36. Bxa5 e6 37. Qxf7+ Kxf7 38. Bd2 Ke7 39. f3 Kd7 40. Kf2 Kc6 41. e4 Ne7 42. Bb4 fxe4 43. fxe4 e5 44. Ke3 Ng8 45. Bc3 Nf6 46. g4 Ba6 47. Be1 Kc5 48. a3 Bb5 49. Bb4+ Kc6 50. Ba5 Kd7 51. Be1 Kc7 52. Bf3 Bf1 53. h4 Nd7 54. Kd2 Nc5 55. b4 Nb3+ 56. Ke3 Nd4 57. Bd1 Bc4 58. Bc3 Ne6 59. a4 Nf4 60. Bd2 Kb7 61. Kf3 Ne6 62. Be3 Nc7 63. b5 Be6 64. Be2 Bd7 65. Kf2 d5 66. exd5 Nxd5 67. Bf3 Be6 68. a5 Kb8 69. b6 Nb4 70. Kg3 Nc2 71. Bc5 Nd4 72. Bd6+ 1-0

[Event "Landesliga Sued 1314"]
[Site "Bayern"]
[Date "2014.03.16"]
[Round "8.5"]
[White "Lochte, Thomas"]
[Black "Sargin, Anatol"]
[Result "0-1"]
[WhiteElo "2106"]
[BlackElo "2173"]
[PlyCount "74"]
[EventDate "2013.10.13"]
[EventType "team-tourn"]
[EventRounds "9"]
[EventCountry "GER"]
[SourceTitle "EXT 2015"]
[Source "ChessBase"]
[SourceDate "2014.11.20"]
[SourceVersion "1"]
[SourceVersionDate "2014.11.20"]
[SourceQuality "1"]
[WhiteTeam "Weilheim"]
[BlackTeam "Unterhaching"]
[WhiteTeamCountry "GER"]
[BlackTeamCountry "GER"]

1. e4 e6 2. d4 d5 3. Nc3 Bb4 4. a3 c5 5. e5 Bxc3+ 6. bxc3 Qc7 7. Qg4 f5 8. exf6 Nxf6 9. Qg3 Qxg3 10. hxg3 b6 11. Nf3 Ba6 12. Bf4 Bxf1 13. Kxf1 Nc6 14. dxc5 bxc5 15. Ng5 Kd7 16. Nf7 Rhf8 17. Ne5+ Nxe5 18. Bxe5 Ng4 19. Bxg7 Rf7 20. f3 Rxg7 21. fxg4 Rxg4 22. Rxh7+ Kd6 23. Rb1 Rxg3 24. Rbb7 Rxc3 25. Rbd7+ Ke5 26. Rh5+ Ke4 27. Re7 Rf8+ 28. Kg1 Rf6 29. Rxa7 Rxc2 30. Rh4+ Kd3 31. a4 Rg6 32. g4 e5 33. Rd7 d4 34. Rh3+ Ke4 35. Ra3 Rxg4+ 36. Kh1 Rf4 37. Kg1 Rf3 0-1

[Event "Mittelfranken-chTB1 1112"]
[Site "Germany"]
[Date "2011.10.23"]
[Round "2.3"]
[White "Sargin, Anatol"]
[Black "Hacker, Jonas"]
[Result "0-1"]
[WhiteElo "2104"]
[BlackElo "1998"]
[PlyCount "96"]
[EventDate "2011.09.25"]
[EventType "team-tourn"]
[EventRounds "9"]
[EventCountry "GER"]
[SourceTitle "EXT 2013"]
[Source "ChessBase"]
[SourceDate "2012.11.22"]
[SourceVersion "1"]
[SourceVersionDate "2012.11.22"]
[SourceQuality "1"]
[WhiteTeam "Nuernberg NT III"]
[BlackTeam "Buechenbach/Roth"]
[WhiteTeamCountry "GER"]
[BlackTeamCountry "GER"]

1. e4 c5 2. c3 Nf6 3. e5 Nd5 4. d4 cxd4 5. cxd4 d6 6. exd6 Qxd6 7. Nc3 Nc6 8. Be2 g6 9. Bf3 Be6 10. Nge2 Bg7 11. Be3 0-0 12. Qd2 Nxc3 13. bxc3 Bd5 14. Bxd5 Qxd5 15. 0-0 e5 16. Rfd1 Rfd8 17. Qc2 Rac8 18. Qb3 Qxb3 19. axb3 exd4 20. cxd4 a6 21. Rac1 Nxd4 22. Rxc8 Nxe2+ 23. Kf1 Rxc8 24. Kxe2 h5 25. Rd7 b5 26. Ra7 Rc2+ 27. Kf3 Rc3 28. Ra8+ Kh7 29. Ke4 Rxb3 30. Rxa6 Bc3 31. Rc6 b4 32. h3 Ra3 33. Rb6 b3 34. Kd3 b2 35. Kc2 Be5 36. Rb7 Kg7 37. Rxb2 Bxb2 38. Kxb2 Ra8 39. Kc2 Rd8 40. Kc3 f6 41. Bd4 g5 42. Kd3 Kg6 43. Ke3 Kf5 44. g4+ hxg4 45. hxg4+ Kxg4 46. Bxf6 Re8+ 47. Kd4 Re6 48. f3+ Kf4 0-1

[Event "Mittelfranken-chTB1 1112"]
[Site "Germany"]
[Date "2011.09.25"]
[Round "1.3"]
[White "Sargin, Anatol"]
[Black "Lenz, Harald"]
[Result "1-0"]
[WhiteElo "2104"]
[BlackElo "1795"]
[PlyCount "87"]
[EventDate "2011.09.25"]
[EventType "team-tourn"]
[EventRounds "9"]
[EventCountry "GER"]
[SourceTitle "EXT 2013"]
[Source "ChessBase"]
[SourceDate "2012.11.22"]
[SourceVersion "1"]
[SourceVersionDate "2012.11.22"]
[SourceQuality "1"]
[WhiteTeam "Nuernberg NT III"]
[BlackTeam "Nuernberg NT IV"]
[WhiteTeamCountry "GER"]
[BlackTeamCountry "GER"]

1. e4 e5 2. Bc4 d6 3. Nc3 Nf6 4. d3 Be7 5. f4 Nbd7 6. Nf3 0-0 7. 0-0 c5 8. Qe2 a6 9. Nd5 b5 10. Nxe7+ Qxe7 11. Bb3 Bb7 12. fxe5 dxe5 13. Bg5 Qd6 14. Nh4 Rae8 15. Nf5 Qb6 16. c4 b4 17. Rf3 Kh8 18. Raf1 Re6 19. Qf2 Ng8 20. Ne3 f6 21. Nd5 Qd6 22. Be3 Rc8 23. Rh3 h6 24. Bd1 Bxd5 25. cxd5 Re7 26. b3 Nf8 27. Bg4 Rcc7 28. Rc1 Nd7 29. Rf3 Re8 30. Bxd7 Qxd7 31. Bxc5 Rec8 32. Rc4 a5 33. Bb6 Rxc4 34. dxc4 Ra8 35. c5 Ne7 36. Qc2 Nc8 37. c6 Qd6 38. Qc5 Kg8 39. Rf2 Ra6 40. Qxd6 Nxd6 41. Bc5 Nxe4 42. Rc2 Kf7 43. c7 Ra8 44. Bxb4 1-0

[Event "Landesliga Nord 1011"]
[Site "Bayern"]
[Date "2011.04.10"]
[Round "9.2"]
[White "Sargin, Anatol"]
[Black "Giessmann, Stephan"]
[Result "0-1"]
[WhiteElo "2104"]
[BlackElo "2197"]
[PlyCount "72"]
[EventDate "2010.10.10"]
[EventType "team-tourn"]
[EventRounds "9"]
[EventCountry "GER"]
[SourceTitle "EXT 2012"]
[Source "ChessBase"]
[SourceDate "2011.11.24"]
[SourceVersion "1"]
[SourceVersionDate "2011.11.24"]
[SourceQuality "1"]
[WhiteTeam "Nuernberg NT II"]
[BlackTeam "Kelheim"]
[WhiteTeamCountry "GER"]
[BlackTeamCountry "GER"]

1. f4 d5 2. Nf3 Nf6 3. b3 Bf5 4. Bb2 e6 5. e3 Be7 6. Be2 0-0 7. 0-0 c5 8. Ne5 h6 9. d3 Nfd7 10. Bf3 Nxe5 11. fxe5 Nc6 12. Qe1 Bh7 13. Nd2 Qc7 14. Qg3 Bg5 15. Rae1 Nb4 16. h4 Be7 17. Bd1 Nxa2 18. Rf4 f5 19. e4 Qa5 20. exf5 Bxf5 21. Nf1 d4 22. Bf3 Nb4 23. Re2 Qa2 24. Bc1 Qb1 25. Rxf5 Qxc1 26. Rxf8+ Rxf8 27. Qg4 Rf5 28. Qg6 Bxh4 29. Qxe6+ Rf7 30. g3 Bxg3 31. Rg2 Bh4 32. Qe8+ Rf8 33. Qg6 Bg5 34. e6 Rxf3 35. e7 Rxf1+ 36. Kh2 Rh1+ 0-1

[Event "Landesliga Nord 1011"]
[Site "Bayern"]
[Date "2011.03.20"]
[Round "8.2"]
[White "Pesch, Werner"]
[Black "Sargin, Anatol"]
[Result "0-1"]
[WhiteElo "2164"]
[BlackElo "2104"]
[PlyCount "66"]
[EventDate "2010.10.10"]
[EventType "team-tourn"]
[EventRounds "9"]
[EventCountry "GER"]
[SourceTitle "EXT 2012"]
[Source "ChessBase"]
[SourceDate "2011.11.24"]
[SourceVersion "1"]
[SourceVersionDate "2011.11.24"]
[SourceQuality "1"]
[WhiteTeam "Bindlach II"]
[BlackTeam "Nuernberg NT II"]
[WhiteTeamCountry "GER"]
[BlackTeamCountry "GER"]

1. e4 e6 2. d3 d5 3. Nd2 Nf6 4. Ngf3 b6 5. exd5 exd5 6. g3 Bd6 7. Bg2 0-0 8. 0-0 c5 9. Re1 Nc6 10. h3 Bf5 11. Nf1 Qd7 12. Kh2 h6 13. Ne3 Be6 14. c3 Rae8 15. Bd2 Nh7 16. Ng1 f5 17. f4 Nf6 18. Qf3 g5 19. Ne2 Kh8 20. c4 g4 21. Qf1 d4 22. Nd5 Bxd5 23. cxd5 Ne7 24. hxg4 fxg4 25. f5 Qxf5 26. Qxf5 Nxf5 27. Nf4 Bxf4 28. Bxf4 Ne3 29. Bxh6 Nxg2 30. Kxg2 Rxe1 31. Rxe1 Re8 32. Rxe8+ Nxe8 33. Bf4 Nf6 0-1

[Event "Nuremberg Zabo op 12th"]
[Site "Nuremberg"]
[Date "2010.09.17"]
[Round "1"]
[White "Gude, Michael"]
[Black "Sargin, Anatol"]
[Result "0-1"]
[WhiteElo "1639"]
[BlackElo "2112"]
[PlyCount "50"]
[EventDate "2010.09.17"]
[EventType "swiss"]
[EventRounds "5"]
[EventCountry "GER"]
[SourceTitle "EXT 2011"]
[Source "ChessBase"]
[SourceDate "2010.11.26"]
[SourceVersion "1"]
[SourceVersionDate "2010.11.26"]
[SourceQuality "1"]

1. e4 e6 2. d4 d5 3. Nd2 Nf6 4. e5 Nfd7 5. Bd3 c5 6. c3 Nc6 7. Ne2 cxd4 8. cxd4 f6 9. Nf4 Nxd4 10. Qh5+ Ke7 11. Ng6+ hxg6 12. exf6+ Nxf6 13. Qxh8 Kf7 14. Qh4 e5 15. f3 Qb6 16. a3 Bf5 17. Bb1 Rc8 18. Bxf5 gxf5 19. Rb1 Nc2+ 20. Kd1 Ne3+ 21. Ke2 Qb5+ 22. Kf2 Bc5 23. g3 Neg4+ 24. Kg2 Qe2+ 25. Kh3 g5 0-1

[Event "Oberliga Bayern 0910"]
[Site "Bayern"]
[Date "2010.02.28"]
[Round "7.3"]
[White "Nuber, Korbinian"]
[Black "Sargin, Anatol"]
[Result "1/2-1/2"]
[WhiteElo "2191"]
[BlackElo "2110"]
[PlyCount "133"]
[EventDate "2009.10.18"]
[EventType "team-tourn"]
[EventRounds "9"]
[EventCountry "GER"]
[SourceTitle "EXT 2011"]
[Source "ChessBase"]
[SourceDate "2010.11.26"]
[SourceVersion "1"]
[SourceVersionDate "2010.11.26"]
[SourceQuality "1"]
[WhiteTeam "Dillingen"]
[BlackTeam "Nuernberg NT II"]
[WhiteTeamCountry "GER"]
[BlackTeamCountry "GER"]

1. e4 e6 2. d4 d5 3. Bd3 dxe4 4. Bxe4 Nf6 5. Bf3 Bd6 6. Ne2 Nbd7 7. c4 c6 8. Nbc3 0-0 9. 0-0 e5 10. b3 e4 11. Nxe4 Nxe4 12. Bxe4 Bxh2+ 13. Kxh2 Qh4+ 14. Kg1 Qxe4 15. Ng3 Qg6 16. Ba3 Re8 17. Re1 Rxe1+ 18. Qxe1 Nf6 19. Qb4 h5 20. Re1 h4 21. Ne2 h3 22. Ng3 hxg2 23. Kxg2 Be6 24. Qxb7 Re8 25. Bb4 Nh5 26. Qc7 f5 27. Bd2 f4 28. Rxe6 Rxe6 29. Bxf4 Nxg3 30. fxg3 Qc2+ 31. Kh3 Qf5+ 32. Kg2 Re2+ 33. Kf3 Re8 34. Qxc6 Qh5+ 35. Kg2 Re2+ 36. Kf1 Re7 37. Qd5+ Qxd5 38. cxd5 Re4 39. Be5 Re3 40. d6 Kf7 41. Kf2 Rc3 42. Ke2 g6 43. Kd2 Rf3 44. Kc2 Rf2+ 45. Kb1 Ke6 46. b4 a6 47. a4 Kd7 48. b5 axb5 49. axb5 Ke6 50. Kc1 Rf7 51. Kd2 Rb7 52. Ke3 Rxb5 53. Kf4 Rb7 54. Kg5 Kf7 55. Bf6 Rb5+ 56. Be5 Rb7 57. Kf4 Ke6 58. Ke4 Ra7 59. d5+ Kf7 60. Bd4 Ra4 61. Ke5 Ke8 62. Be3 Kd7 63. Bf4 Ra5 64. Kf6 Rxd5 65. Kxg6 Ke6 66. Kg7 Ra5 67. Kg6 1/2-1/2